20 Biggest Cities in South East Asia - Statistics

General Stats
  • This quiz has been taken 85 times
    49 since last reset
  • The average score is 11 of 20
Answer Stats
Country Population City % Correct
Thailand 5,104,476 Bangkok
100%
Indonesia 8,540,121 Jakarta
100%
Singapore 3,547,809 Singapore
100%
Philipines 1,600,000 Manila
98%
Vietnam 1,431,270 Hanoi
93%
Vietnam 3,467,331 Ho Chi Minh City
89%
Malaysia 1,453,975 Kuala Lumpur
87%
Cambodia 1,573,544 Phnom Penh
78%
Indonesia 2,374,658 Surabaya
61%
Myanmar 4,477,638 Yangon
61%
Indonesia 1,699,719 Bandung
52%
Indonesia 1,750,971 Medan
46%
Philipines 2,761,720 Quezon City
28%
Indonesia 1,321,717 Makassar
26%
Indonesia 1,520,119 Bekasi
13%
Indonesia 1,441,500 Palembang
13%
Indonesia 1,372,124 Tangerang
11%
Indonesia 1,303,569 South Tangerang
4%
Philippines 1,500,000 Caloocan City
0%
Malaysia 1,459,994 Kota Bharu
0%
No matching quizzes found
Score Distribution
Percent of People with Each Score
Percentile by Number Answered
Your Score History
You have not taken this quiz since the last reset